LEADER 00948nam0-22003131i-450- 001 990004043970403321 005 20151126103459.0 035 $a000404397 035 $aFED01000404397 035 $a(Aleph)000404397FED01 035 $a000404397 100 $a19990604d1986----km-y0itay50------ba 101 0 $aeng 105 $ay-------00-y- 200 1 $aSocial change and the labouring poor$eAntwerp 1770-1860$fCatharina Lis 210 $aNew Haven$cYale University Press$aLondon$d1986 215 $a237 p.$d24 cm 610 0 $aBelgio$aCondizioni economiche e sociali$aSec. 19. 676 $a330.9493$v21$zita 700 1$aLis,$bCatharina$f<1945- >$0142698 801 0$aIT$bUNINA$gRICA$2UNIMARC 901 $aBK 912 $a990004043970403321 952 $a330.949 LIS 1$bDDS.1061$fFLFBC 952 $aXI A 1616$b5723$fFSPBC 959 $aFLFBC 959 $aFSPBC 996 $aSocial change and the labouring poor$9468796 997 $aUNINA LEADER 01195nam--2200361---450- 001 990002361000203316 005 20100105150306.0 035 $a000236100 035 $aUSA01000236100 035 $a(ALEPH)000236100USA01 035 $a000236100 100 $a20050114d1971----km-y0itay0103----ba 101 0 $aita 102 $aIT 105 $a||||||||001yy 200 1 $a<>organizzazione dal vivo$euno studio comparato di organismi sociali fondato su un approccio socioterapeutico$fCyril Sofer 210 $aMilano$cF. Angeli$d1971 215 $a226 p.$d22 cm 225 2 $a<> classici della società industriale 410 0$12001$a<> classici della società industriale 454 1$12001$a<> organization from within$9430498 461 1$1001-------$12001 676 $a301 700 1$aSOFER,$bCyril$0125963 801 0$aIT$bsalbc$gISBD 912 $a990002361000203316 951 $aXXX.B. Coll. 84/ 5 (Coll. AOJ 5)$b25286 G.$cXXX.B. Coll. 84/ 5 (Coll. AOJ)$d00263171 959 $aBK 969 $aECO 979 $aSIAV3$b10$c20050114$lUSA01$h1252 979 $aRSIAV3$b90$c20100105$lUSA01$h1503 996 $aOrganization from within$9430498 997 $aUNISA